Chansons de Green Day - Mort Subite - Statistiques

Statistiques générales
  • Ce quiz a été pris 73 fois
  • Le résultat moyen est 13 sur 30
Answers on the Grid
Answers color-coded by a green-red scale on the quiz's grid according to % correct below.
21 Guns
21Sst Century Breakdown
Oh Love
American Idiot
Basket Case
Boulevard of Broken Dreams
Green Day
Horseshoes and Handgrenades
Holiday
Kill The DJ
Know Your Enemy
Last of the American Girls
The Static Age
Lights Out
Maria
Sick of Me
Wake Me Up When September Ends
Working Class Hero
Walking Alone
When I Come Around
Don’t Wanna Fall in Love
Cigarettes And Valentines
All by Myself
Blood, Sex and Booze
East Jesus Nowhere
F.O.D.
Fashion Victim
She’s a Rebel
Shout
Sweet 16
Mystical Magical
Fat Lip
Jet Lag
Bad Romance
Toxic
The Reason
Ready, Set, Don't Go
Monster
Better Than Drugs
Jailhouse Rock
Payphone
Smells Like Teen Spirit
Californication
B.Y.O.B
Lose Yourself
In Too Deep
Billie Jean
What I've Done
 
Statistiques - réponses
Réponse % Correct
21 Guns
89%
Wake Me Up When September Ends
88%
American Idiot
86%
Boulevard of Broken Dreams
81%
Basket Case
75%
Holiday
72%
Know Your Enemy
65%
When I Come Around
63%
She’s a Rebel
61%
21Sst Century Breakdown
60%
East Jesus Nowhere
47%
Green Day
47%
Last of the American Girls
46%
Oh Love
40%
Horseshoes and Handgrenades
39%
Kill The DJ
35%
Working Class Hero
33%
F.O.D.
32%
All by Myself
30%
Blood, Sex and Booze
30%
Cigarettes And Valentines
30%
The Static Age
26%
Walking Alone
23%
Maria
21%
Fashion Victim
18%
Lights Out
18%
Sick of Me
16%
Sweet 16
16%
Shout
11%
Don’t Wanna Fall in Love
9%
Aucun quiz correspondant
Distribution des résultats
% des personnes avec chaque résultat
Percentile par nombre de réponses
Votre historique - résultats
Vous n’avez pas pris ce quiz